000 00666nam a2200289Ia 4500
005 20260324131520.0
008 008 260324s9999 xx 000 0 eng d
020 _a9780203006733
037 _aEBOOK
040 _aCRL
040 _beng
040 _cCRL
041 _2eng
041 _aeng
084 _qCRL
100 _aH. Samy Alim
_91185795
245 0 _aRoc the Mic Right
245 4 _bThe Language of Hip Hop Culture
260 _bTaylor and Francis
260 _c2006
365 _a
365 _b265
856 _uhttp://www.taylorfrancis.com/books/9780203006733
942 _cEBOOK
999 _c1783031
_d1783031